000 00807cab a22001935a 4500
001 L137595
008 070417e20070329xxk f 000 0 eng d
035 _a(Sirsi) u137595
041 0 _aeng
245 0 0 _aCDM 2007
_byour responsibilities
260 _c2007
490 0 _aNew Civil Engineer
_v29 March 2007, 24-25(2)
520 _aOutlines the responsibilities of the client, CDM co-ordinator, designer and principal contractor under the new Construction (Design and Management) Regulations 2007. Looks at the concept phase, design phase, tender phase and construction phase.
590 _aKA
650 2 4 _aCONSTRUCTION (DESIGN AND MANAGEMENT) REGULATIONS 2007
651 4 _aGreat Britain
_y1707-
690 _aBUILT ENVIRONMENT-CONSTRUCTION MANAGEMENT-CONSTRUCTION DESIGN AND MANAGEMENT
942 _n0
999 _c78669
_d78669